00354 a2200097 4500001000900000005001700009008004100026245011000067100002400177773005500201ART_779220260410161638.0260409a 10aDeducciones por préstamos entre compañías vinculadas. Importante jurisprudencia del Tribunal Fiscal1 aCalcagno, Gabriel A0 tConsultor tributariog- Nº 10 (dic. 2007)wREV474